Tribune ultra de chaque stade de ligue 1 - Statistiques

Statistiques générales
  • Ce quiz a été pris 74 fois
  • Le résultat moyen est 3 sur 18
Statistiques - réponses
Hint Réponse % Correct
Paris SG Auteuil
83%
OM Virage Nord
53%
FC Nantes Loire
41%
Toulouse FC Virage Brice
29%
LOSC Nord
28%
RC Lens Marek
21%
Havre AC KOP
19%
Stade Rennais Mordelles
17%
Stade Brestois 29 Quimper
17%
Fc Metz Ouest
16%
OGC Nice Populaire
12%
AS Monaco Pesage
3%
FC Lorient Armor-Lux
0%
OL Jean-Jaurès
0%
Clermont Foot 63 Livradois
0%
Montpellier Hérault SC Mosson
0%
RC Strasbourg Ouest Kop
0%
Stade de Reims Robert Jonquet
0%
Aucun quiz correspondant
Distribution des résultats
% des personnes avec chaque résultat
Percentile par nombre de réponses
Votre historique - résultats
Vous n’avez pas pris ce quiz